[Event "DEM U14 2014"]
[Site "Magdeburg GER"]
[Date "2014.06.11"]
[Round "6"]
[White "Langer, Simon"]
[Black "Hofmann, Rares"]
[Result "1-0"]
[Termination "normal"]
[Board "16"]
[WhiteElo "1881"]
[BlackElo "1890"]
[PlyCount "41"]
[WhiteFideId "12950386"]
[BlackFideId "12976440"]
[EventCountry "GER"]
[EventRounds "9"]
[EventType "swiss"]
[EventDate "2014.06.07"]

1. e4 e5 2. Nf3 Nc6 3. Bc4 Bc5 4. c3 Nf6 5. d4 exd4 6. cxd4 Bb4+ 7. Nc3 Nxe4 8.
O-O Bxc3 9. d5 Ba5 10. dxc6 O-O 11. Qd5 Nd6 12. Bd3 Bb6 13. Bxh7+ Kxh7 14. Qh5+
Kg8 15. Ng5 Re8 16. Qh7+ Kf8 17. Qh8+ Ke7 18. Qxg7 dxc6 19. Nxf7 Nf5 20. Bg5+
Kd7 21. Rad1+ 1-0

[Event "DEM U14 2014"]
[Site "Magdeburg GER"]
[Date "2014.06.11"]
[Round "6"]
[White "Spitzl, Vinzent"]
[Black "Abdurakhimov, Peter"]
[Result "1-0"]
[Termination "normal"]
[Board "17"]
[WhiteElo "1904"]
[BlackElo "1784"]
[PlyCount "59"]
[WhiteFideId "12901253"]
[BlackFideId "12979694"]
[EventCountry "GER"]
[EventRounds "9"]
[EventType "swiss"]
[EventDate "2014.06.07"]

1. e4 c5 2. Nf3 e6 3. d4 cxd4 4. Nxd4 a6 5. Bd3 Nf6 6. O-O Qc7 7. Qe2 Be7 8. c4
d6 9. Nc3 Nbd7 10. f4 b6 11. Kh1 Bb7 12. Bd2 O-O 13. f5 e5 14. Nc2 Nc5 15. Bg5
Rac8 16. Bxf6 Bxf6 17. Ne3 Rfd8 18. Ncd5 Bxd5 19. Nxd5 Qc6 20. b3 a5 21. Rf3
Nd7 22. g4 Re8 23. Rg1 Bg5 24. Qe1 f6 25. h4 Bf4 26. g5 Kf7 27. Qe2 Rh8 28. c5
Nxc5 29. Bc4 Ke8 30. Bb5 1-0

[Event "DEM U14 2014"]
[Site "Magdeburg GER"]
[Date "2014.06.11"]
[Round "6"]
[White "Rieß, Alexander"]
[Black "Perekhozhuk, Maksym"]
[Result "1-0"]
[Termination "normal"]
[Board "18"]
[WhiteElo "1856"]
[BlackElo "1759"]
[PlyCount "115"]
[WhiteFideId "12953326"]
[BlackFideId "12914860"]
[EventCountry "GER"]
[EventRounds "9"]
[EventType "swiss"]
[EventDate "2014.06.07"]

1. d4 Nf6 2. c4 c5 3. d5 b5 4. cxb5 a6 5. bxa6 g6 6. Nc3 Bxa6 7. Nf3 d6 8. e4
Bxf1 9. Kxf1 Bg7 10. g3 O-O 11. Kg2 Nbd7 12. a4 Ng4 13. Qe2 Nge5 14. Nd2 Nf6
15. b3 Qa5 16. Bb2 Rfb8 17. Rhc1 Qa6 18. Nb5 Ne8 19. Qf1 Rb7 20. h3 Rab8 21.
Rab1 Nc7 22. f4 Nd7 23. Bxg7 Kxg7 24. Nxc7 Qxf1+ 25. Kxf1 Rxc7 26. Ke2 Rcb7 27.
Rc3 f5 28. exf5 gxf5 29. Nc4 Nf6 30. Rd3 Rb4 31. Ne3 Kg6 32. a5 Ne4 33. Nc2
R4b5 34. Ra1 Ra8 35. a6 Rb6 36. g4 Raxa6 37. Rxa6 Rxa6 38. Kf3 Nf6 39. Ne3
fxg4+ 40. hxg4 Nd7 41. Nf5 Ra1 42. Nxe7+ Kf7 43. Nf5 Rf1+ 44. Kg3 Kf6 45. Nxd6
Rg1+ 46. Kh3 Rf1 47. Ne4+ Kg7 48. Kg3 Rg1+ 49. Kf3 Rf1+ 50. Nf2 Rc1 51. d6 c4
52. bxc4 Rxc4 53. g5 Rc6 54. Ne4 Rc8 55. Kg4 Rf8 56. Rc3 Rd8 57. Rc7 Kg8 58.
Rxd7 1-0

[Event "DEM U14 2014"]
[Site "Magdeburg GER"]
[Date "2014.06.11"]
[Round "6"]
[White "Lai Hop, Long"]
[Black "Alekhanov, Jannis"]
[Result "0-1"]
[Termination "normal"]
[Board "19"]
[WhiteElo "1660"]
[BlackElo "1801"]
[PlyCount "80"]
[WhiteFideId "12942707"]
[BlackFideId "12921238"]
[EventCountry "GER"]
[EventRounds "9"]
[EventType "swiss"]
[EventDate "2014.06.07"]

1. e4 c5 2. Nf3 d6 3. d4 cxd4 4. Nxd4 Nf6 5. Nc3 a6 6. Bg5 Nbd7 7. f4 b5 8. Qf3
Bb7 9. Bd3 Qb6 10. Nb3 g6 11. O-O-O Bg7 12. g4 e6 13. Rhf1 b4 14. Ne2 a5 15. f5
Ne5 16. Qf4 Rf8 17. h3 a4 18. Nd2 Nxd3+ 19. cxd3 b3 20. Kb1 bxa2+ 21. Kxa2 Nd5
22. f6 Bxf6 23. Bxf6 Nxf4 24. Nxf4 e5 25. Ne2 Ba6 26. Rf3 Rb8 27. Rb1 h6 28.
Bg7 Rg8 29. Bf6 Qb4 30. Nc3 Qd4 31. Ne2 Qb4 32. Nc3 Kd7 33. Be7 f5 34. gxf5
gxf5 35. Rxf5 Bxd3 36. Rff1 Bxf1 37. Nxf1 Qb3+ 38. Ka1 Kxe7 39. Nd5+ Kf7 40.
Nd2 Qxh3 0-1

[Event "DEM U14 2014"]
[Site "Magdeburg GER"]
[Date "2014.06.11"]
[Round "6"]
[White "Müller, Elias"]
[Black "Dallinger, Moritz"]
[Result "1-0"]
[Termination "normal"]
[Board "20"]
[WhiteElo "1686"]
[BlackElo "1544"]
[PlyCount "91"]
[WhiteFideId "12917133"]
[BlackFideId "12910864"]
[EventCountry "GER"]
[EventRounds "9"]
[EventType "swiss"]
[EventDate "2014.06.07"]

1. e4 c5 2. Nf3 e6 3. c3 Nf6 4. d3 Be7 5. Be2 a6 6. O-O Qc7 7. Re1 O-O 8. Nbd2
d5 9. e5 Nfd7 10. d4 Nc6 11. Nf1 cxd4 12. cxd4 Bb4 13. Bd2 f5 14. a3 Be7 15.
Rc1 f4 16. Bd3 g5 17. h3 Rf7 18. N1h2 Qb6 19. Bc3 Qd8 20. Qc2 Kh8 21. Kh1 Nb6
22. Rg1 Bd7 23. g3 h6 24. Ng4 fxg3 25. Rxg3 Qf8 26. Kg2 Qg7 27. Qb3 Bd8 28. Nf6
Rb8 29. Nh5 Qg8 30. Nh2 Na8 31. Ng4 Nc7 32. Nxh6 Qf8 33. Nxf7+ Qxf7 34. Qd1 Be8
35. Be2 Be7 36. Rf3 Qg6 37. Nf6 Kg7 38. Bd3 Qh6 39. Qd2 Bh5 40. Rg3 Bxf6 41.
exf6+ Kxf6 42. h4 Qh8 43. Qxg5+ Kf7 44. Bg6+ Bxg6 45. Qxg6+ Kf8 46. Bb4+ 1-0

[Event "DEM U14 2014"]
[Site "Magdeburg GER"]
[Date "2014.06.11"]
[Round "6"]
[White "Amler, Nick"]
[Black "Grimm, Ling Leander"]
[Result "1/2-1/2"]
[Termination "normal"]
[Board "21"]
[WhiteElo "1414"]
[BlackElo "1700"]
[PlyCount "139"]
[WhiteFideId "12930539"]
[BlackFideId "12968277"]
[EventCountry "GER"]
[EventRounds "9"]
[EventType "swiss"]
[EventDate "2014.06.07"]

1. e4 c5 2. Nf3 Nc6 3. d4 cxd4 4. Nxd4 g6 5. Nc3 Bg7 6. Be3 Nf6 7. Bc4 O-O 8.
Bb3 a5 9. f3 d5 10. Bxd5 Nxd5 11. exd5 Nb4 12. Nde2 Bf5 13. Rc1 Rc8 14. O-O Re8
15. a3 Nxc2 16. Rxc2 Bxc2 17. Qxc2 Qxd5 18. Qxg6 hxg6 19. Nxd5 Rc2 20. Nec3 e6
21. Nf4 Bxc3 22. bxc3 Rxc3 23. Bc1 Rc2 24. Nd3 Rd8 25. Ne5 Rdc8 26. Bg5 Re2 27.
Nd3 Ra2 28. Be7 Rc7 29. Bc5 Rd2 30. Bb6 Rc6 31. Ne5 Rxb6 32. Nc4 Rbb2 33. Nxd2
Rxd2 34. Rb1 Ra2 35. Rb3 a4 36. Rc3 Kf8 37. h4 Rb2 38. Rc1 b5 39. Ra1 f5 40.
Re1 Kf7 41. Re5 Kf6 42. f4 b4 43. Ra5 bxa3 44. Rxa4 a2 45. Kh2 Rb4 46. Rxa2
Rxf4 47. g3 Rd4 48. Kg2 Rd6 49. Ra4 e5 50. Kf2 e4 51. g4 Re6 52. Ke3 fxg4 53.
Kf4 e3 54. Ra1 e2 55. Re1 g3 56. Kxg3 Re3+ 57. Kf4 Re5 58. Kf3 Kf5 59. h5 g5
60. Rxe2 Ra5 61. Rh2 g4+ 62. Kg3 Ra3+ 63. Kh4 g3 64. Rg2 Kf4 65. Rg1 Rc3 66. h6
Rc6 67. Rf1+ Ke5 68. h7 Rh6+ 69. Kxg3 Rxh7 70. Rb1 1/2-1/2

[Event "DEM U14 2014"]
[Site "Magdeburg GER"]
[Date "2014.06.11"]
[Round "6"]
[White "Nguyen, Anh Van"]
[Black "Killgus, Leonard"]
[Result "1-0"]
[Termination "normal"]
[Board "22"]
[WhiteElo "1610"]
[BlackElo "1732"]
[PlyCount "101"]
[WhiteFideId "12908223"]
[BlackFideId "12922021"]
[EventCountry "GER"]
[EventRounds "9"]
[EventType "swiss"]
[EventDate "2014.06.07"]

1. e4 c5 2. Nf3 e6 3. d4 cxd4 4. Nxd4 a6 5. Nc3 Qc7 6. Be2 Nf6 7. a3 b5 8. O-O
Bb7 9. Bf3 Bd6 10. h3 Be5 11. Be3 d6 12. g3 Nbd7 13. Bg2 Nc5 14. f4 Bxd4 15.
Qxd4 Ncd7 16. Rad1 O-O 17. Qxd6 Rfc8 18. Qxc7 Rxc7 19. e5 Bxg2 20. Kxg2 Ne8 21.
Rd2 Nc5 22. Bxc5 Rxc5 23. Rfd1 Rac8 24. Rd8 Kf8 25. Kf3 Rxd8 26. Rxd8 Ke7 27.
Rd3 f6 28. exf6+ gxf6 29. Rd2 Nd6 30. Rxd6 Rxc3+ 31. bxc3 Kxd6 32. Ke4 f5+ 33.
Kd4 h5 34. h4 a5 35. c4 bxc4 36. Kxc4 e5 37. fxe5+ Kxe5 38. Kb5 Ke4 39. c4 Kf3
40. c5 Kxg3 41. c6 f4 42. c7 f3 43. c8=Q f2 44. Qg8+ Kh2 45. Qf7 Kg1 46. Qg6+
Kh2 47. Qf5 Kg1 48. Qg5+ Kh2 49. Qf4+ Kg2 50. Qe4+ Kg1 51. Qb1+ 1-0

[Event "DEM U14 2014"]
[Site "Magdeburg GER"]
[Date "2014.06.11"]
[Round "6"]
[White "Jurga, Jonas Vincent"]
[Black "Bureik, Nicolas"]
[Result "1-0"]
[Termination "normal"]
[Board "23"]
[WhiteElo "1722"]
[BlackElo "1513"]
[PlyCount "47"]
[WhiteFideId "12968013"]
[BlackFideId "12971863"]
[EventCountry "GER"]
[EventRounds "9"]
[EventType "swiss"]
[EventDate "2014.06.07"]

1. e4 d5 2. exd5 Qxd5 3. Nc3 Qd6 4. g3 Nf6 5. Bg2 c6 6. Nf3 Bg4 7. O-O g6 8. h3
Bf5 9. d4 Bg7 10. Ne2 O-O 11. Bf4 Qd7 12. Ne5 Qc8 13. Kh2 Nd5 14. Bd2 Nd7 15.
Nc4 Qc7 16. Ne3 Be6 17. Rc1 Qb6 18. c4 Nxe3 19. fxe3 Qxb2 20. Bc3 Qxa2 21. d5
cxd5 22. cxd5 Bxd5 23. Bxd5 Rac8 24. Bxa2 1-0

[Event "DEM U14 2014"]
[Site "Magdeburg GER"]
[Date "2014.06.11"]
[Round "6"]
[White "Schamber, Dennis"]
[Black "Visvikis, Christos"]
[Result "0-1"]
[Termination "normal"]
[Board "24"]
[WhiteElo "1560"]
[BlackElo "1723"]
[PlyCount "140"]
[WhiteFideId "12952176"]
[BlackFideId "12967955"]
[EventCountry "GER"]
[EventRounds "9"]
[EventType "swiss"]
[EventDate "2014.06.07"]

1. d4 Nf6 2. c4 e6 3. Nf3 b6 4. Bg5 Be7 5. Nc3 Bb7 6. e3 O-O 7. Bd3 d5 8. O-O
Nbd7 9. Rc1 dxc4 10. Bxc4 c5 11. dxc5 Bxc5 12. a3 Rc8 13. Be2 Be7 14. Nd4 Nc5
15. Bf3 Nfe4 16. Bxe7 Qxe7 17. Nxe4 Nxe4 18. Qe2 Qg5 19. Qd3 Nc5 20. Rxc5 bxc5
21. Bxb7 Rcd8 22. Nf3 Qxg2+ 23. Kxg2 Rxd3 24. Rc1 Rb3 25. Be4 f5 26. Bc6 Rxb2
27. Rxc5 Rb6 28. Bb5 Rd8 29. Nd4 h6 30. Bc4 Kh7 31. Nxe6 Rdb8 32. Nd4 Rg6+ 33.
Kf3 Rb2 34. Bd3 Rf6 35. Rc7 Kh8 36. Rxa7 g6 37. a4 f4 38. e4 Rd6 39. Ra8+ Kh7
40. Ra7+ Kh8 41. Kxf4 Rxd4 42. Ke3 Rd8 43. Bb5 Ra2 44. e5 Rd5 45. Ke4 Rxb5 46.
Ra8+ Kg7 47. Ra7+ Kf8 48. Ra8+ Ke7 49. Ra7+ Kd8 50. Ra6 Re2+ 51. Kf3 Rbxe5 52.
Rxg6 Re6 53. Rg8+ Re8 54. Rg6 R2e6 55. Rg7 Rf8+ 56. Kg2 Re2 57. Rh7 Rexf2+ 58.
Kg1 R2f4 59. Kg2 R8f6 60. Rh8+ Kc7 61. a5 Ra4 62. Kg3 Rxa5 63. h4 Kd7 64. Rh7+
Ke6 65. Rb7 Ra4 66. Rb6+ Kf7 67. Rb5 Rg6+ 68. Kh3 Ra3+ 69. Kh2 Re6 70. Rb2 Re4
0-1

[Event "DEM U14 2014"]
[Site "Magdeburg GER"]
[Date "2014.06.12"]
[Round "7"]
[White "Lagunow, Raphael"]
[Black "Kololli, Kevin"]
[Result "1-0"]
[Termination "normal"]
[Board "1"]
[WhiteElo "2066"]
[BlackElo "2030"]
[WhiteClock "00:03:57"]
[BlackClock "00:27:23"]
[PlyCount "73"]
[WhiteFideId "24652644"]
[BlackFideId "12936863"]
[EventCountry "GER"]
[EventRounds "9"]
[EventType "swiss"]
[EventDate "2014.06.07"]

1. Nf3 c5 2. g3 Nc6 3. Bg2 g6 4. c4 Bg7 5. Nc3 e5 6. O-O Nge7 7. d3 O-O 8. a3
d6 9. Rb1 a5 10. Bd2 f5 11. Ne1 h6 12. Nc2 g5 13. b4 axb4 14. axb4 Nxb4 15.
Nxb4 cxb4 16. Rxb4 Nc6 17. Rb1 f4 18. Bd5+ Kh8 19. f3 Qc7 20. g4 Bf6 21. Be4
Be6 22. Nd5 Bxd5 23. Bxd5 Rab8 24. Kg2 Ne7 25. Be4 b5 26. Qc1 Rfc8 27. Qa3 bxc4
28. Rxb8 Qxb8 29. dxc4 Rxc4 30. Rb1 Qd8 31. Ba5 Qd7 32. Rb7 Qe6 33. Bd8 Rc5 34.
Bxe7 Bxe7 35. Qa7 Bf8 36. Rh7+ Kg8 37. Rh8+ 1-0

[Event "DEM U14 2014"]
[Site "Magdeburg GER"]
[Date "2014.06.12"]
[Round "7"]
[White "Schröder, Kevin"]
[Black "Schmidek, Emil"]
[Result "1-0"]
[Termination "normal"]
[Board "2"]
[WhiteElo "2178"]
[BlackElo "2038"]
[WhiteClock "00:34:57"]
[BlackClock "00:24:42"]
[PlyCount "55"]
[WhiteFideId "12929840"]
[BlackFideId "12908150"]
[EventCountry "GER"]
[EventRounds "9"]
[EventType "swiss"]
[EventDate "2014.06.07"]

1. d4 Nf6 2. c4 g6 3. Nc3 d5 4. Nf3 Bg7 5. Bf4 dxc4 6. e3 Be6 7. Ng5 Bd5 8. e4
h6 9. Nxd5 Nxd5 10. Nxf7 Kxf7 11. Bxc4 e6 12. exd5 exd5 13. Bb3 Re8+ 14. Be3
Kg8 15. O-O c6 16. Qg4 Qf6 17. Bc2 Re6 18. Rae1 Qf7 19. Bf4 Rxe1 20. Rxe1 Na6
21. Bxg6 Qf8 22. Bb1 Re8 23. Rxe8 Qxe8 24. Be5 Qe7 25. Qc8+ Kf7 26. Bh7 Qf8 27.
Qxb7+ Qe7 28. Qxe7+ 1-0

[Event "DEM U14 2014"]
[Site "Magdeburg GER"]
[Date "2014.06.12"]
[Round "7"]
[White "Buckels, Valentin"]
[Black "Kololli, Martin"]
[Result "1/2-1/2"]
[Termination "normal"]
[Board "3"]
[WhiteElo "2102"]
[BlackElo "2056"]
[WhiteClock "00:06:22"]
[BlackClock "00:00:41"]
[PlyCount "82"]
[WhiteFideId "12942766"]
[BlackFideId "12936910"]
[EventCountry "GER"]
[EventRounds "9"]
[EventType "swiss"]
[EventDate "2014.06.07"]

1. d4 f5 2. Bg5 Nf6 3. Bxf6 exf6 4. e3 d5 5. c4 Bb4+ 6. Nc3 Be6 7. Nge2 c6 8.
Nf4 Bf7 9. Qb3 Qb6 10. cxd5 cxd5 11. Bd3 g6 12. O-O Bxc3 13. Bb5+ Nc6 14. bxc3
Qd8 15. Qa4 Qd6 16. Rab1 O-O 17. Rfc1 Ne7 18. Be2 Be8 19. Qb3 Bc6 20. c4 Kh8
21. c5 Qd7 22. Bb5 g5 23. Bxc6 bxc6 24. Nd3 Qc7 25. Qb7 Rfc8 26. Rb2 Kg8 27.
Rcb1 Kf7 28. Qxc7 Rxc7 29. g3 Ke6 30. Kg2 Ng6 31. Kf3 h5 32. Nb4 a5 33. Nd3 h4
34. Rb6 hxg3 35. hxg3 Ne7 36. Rb8 Raa7 37. R1b3 Rc8 38. R8b6 Rca8 39. Nb2 Kd7
40. Na4 Kc7 41. Rb1 Rh8 1/2-1/2

[Event "DEM U14 2014"]
[Site "Magdeburg GER"]
[Date "2014.06.12"]
[Round "7"]
[White "Vogel, Roven"]
[Black "Ovsepyan, Arshak"]
[Result "1/2-1/2"]
[Termination "normal"]
[Board "4"]
[WhiteElo "2270"]
[BlackElo "2013"]
[WhiteClock "00:21:29"]
[BlackClock "00:00:34"]
[PlyCount "77"]
[WhiteFideId "12908088"]
[BlackFideId "24690236"]
[EventCountry "GER"]
[EventRounds "9"]
[EventType "swiss"]
[EventDate "2014.06.07"]

1. d4 d5 2. c4 e6 3. Nc3 Nf6 4. cxd5 exd5 5. Bg5 Be7 6. e3 O-O 7. Bd3 c6 8.
Nge2 Nbd7 9. O-O Re8 10. Qc2 h6 11. Bh4 Nb6 12. Bg3 Bd6 13. Na4 Nxa4 14. Qxa4
Ne4 15. Bxe4 Rxe4 16. Bxd6 Qxd6 17. b4 b6 18. Rac1 Bb7 19. b5 cxb5 20. Qxb5
Ree8 21. Rc2 Rac8 22. Rfc1 Kh7 23. Qd3+ g6 24. h4 Rxc2 25. Rxc2 Rc8 26. Rxc8
Bxc8 27. Qb5 Bd7 28. Qb3 a5 29. Nf4 Be6 30. Qc3 g5 31. Ne2 Kg7 32. hxg5 hxg5
33. e4 Qb4 34. e5 Qb1+ 35. Qc1 Qf5 36. Ng3 Qg4 37. Qb2 Qd1+ 38. Nf1 b5 39. Qxb5
1/2-1/2

[Event "DEM U14 2014"]
[Site "Magdeburg GER"]
[Date "2014.06.12"]
[Round "7"]
[White "Martin, Julian"]
[Black "Kitze, Alexander"]
[Result "1/2-1/2"]
[Termination "normal"]
[Board "6"]
[WhiteElo "1952"]
[BlackElo "2058"]
[WhiteClock "00:29:22"]
[BlackClock "00:01:34"]
[PlyCount "69"]
[WhiteFideId "12941000"]
[BlackFideId "12914827"]
[EventCountry "GER"]
[EventRounds "9"]
[EventType "swiss"]
[EventDate "2014.06.07"]

1. e4 c5 2. Nf3 d6 3. d4 cxd4 4. Nxd4 Nf6 5. Nc3 a6 6. f4 e5 7. Nf3 Nbd7 8. Bd3
b5 9. a3 Be7 10. O-O O-O 11. Qe1 Bb7 12. Kh1 Rc8 13. fxe5 dxe5 14. Qg3 Re8 15.
Be3 Qc7 16. Nh4 Bf8 17. Nf5 Kh8 18. Bg5 Re6 19. Qh4 Qc6 20. Rf3 Ng8 21. Rh3 h6
22. Nd5 Rce8 23. Rf1 Rg6 24. Be7 Qe6 25. Bxf8 Rxf8 26. Qf2 Ndf6 27. Nfe3 Ng4
28. Nxg4 Rxg4 29. Qf3 Qg6 30. Qf2 Bxd5 31. exd5 e4 32. Be2 Rg5 33. Rg3 Rxg3 34.
Qxg3 Qxg3 35. hxg3 1/2-1/2

[Event "DEM U14 2014"]
[Site "Magdeburg GER"]
[Date "2014.06.12"]
[Round "7"]
[White "Bergauz, Noam"]
[Black "Stein, Robert"]
[Result "1-0"]
[Termination "normal"]
[Board "7"]
[WhiteElo "2147"]
[BlackElo "1891"]
[WhiteClock "00:27:43"]
[BlackClock "00:10:35"]
[PlyCount "63"]
[WhiteFideId "12938033"]
[BlackFideId "12921084"]
[EventCountry "GER"]
[EventRounds "9"]
[EventType "swiss"]
[EventDate "2014.06.07"]

1. e4 e5 2. Nf3 Nc6 3. Nc3 Nf6 4. g3 Bc5 5. Bg2 O-O 6. d3 a6 7. O-O d6 8. h3
Ne8 9. Kh2 f5 10. exf5 Bxf5 11. Be3 Bxe3 12. fxe3 Bd7 13. Nd5 Nf6 14. Nh4 Rb8
15. Qe2 Nxd5 16. Bxd5+ Kh8 17. Qh5 Rf6 18. Rxf6 Qxf6 19. Rf1 Be8 20. Qe2 Qe7
21. Qf3 Bd7 22. Qh5 Be8 23. Qg5 Bd7 24. Qh5 Be8 25. Rf7 h6 26. Ng6+ Kh7 27.
Nxe7 Nxe7 28. Be4+ Kg8 29. Rxg7+ Kxg7 30. Qg4+ Kh8 31. Qe6 Ng8 32. Qf5 1-0

[Event "DEM U14 2014"]
[Site "Magdeburg GER"]
[Date "2014.06.12"]
[Round "7"]
[White "Höglauer, Patrick"]
[Black "Reuker, Jari"]
[Result "0-1"]
[Termination "normal"]
[Board "8"]
[WhiteElo "2069"]
[BlackElo "1867"]
[WhiteClock "01:02:16"]
[BlackClock "00:29:30"]
[PlyCount "98"]
[WhiteFideId "1270548"]
[BlackFideId "12909300"]
[EventCountry "GER"]
[EventRounds "9"]
[EventType "swiss"]
[EventDate "2014.06.07"]

1. d4 Nf6 2. c4 c5 3. d5 b5 4. Nf3 Bb7 5. Qb3 Qb6 6. Nc3 b4 7. Na4 Qc7 8. e4 d6
9. Qe3 Nbd7 10. b3 g6 11. Bb2 Bg7 12. h3 O-O 13. Bd3 Rae8 14. O-O e5 15. Nd2
Nh5 16. g3 Qd8 17. Be2 f5 18. exf5 Rxf5 19. Bg4 Ref8 20. Ne4 Ndf6 21. Bxf5 gxf5
22. Nxd6 Qxd6 23. Qxc5 Qb8 24. Qxb4 Ne4 25. Nc5 Rf7 26. Nxe4 fxe4 27. Rae1 Bf8
28. Qc3 Bc8 29. Kh2 Bb4 30. Qe3 Bxe1 31. Qg5+ Ng7 32. Bxe5 Qb6 33. Bxg7 Rxf2+
34. Rxf2 Qxf2+ 35. Kh1 Qf1+ 36. Kh2 Qf2+ 37. Kh1 Qf1+ 38. Kh2 Qxh3+ 39. Kg1
Qxg3+ 40. Qxg3 Bxg3 41. Bd4 a6 42. Kg2 Bf4 43. Kf2 Kf7 44. c5 h5 45. d6 Bd7 46.
Be3 Bxe3+ 47. Kxe3 Bc6 48. b4 h4 49. a4 h3 0-1

[Event "DEM U14 2014"]
[Site "Magdeburg GER"]
[Date "2014.06.12"]
[Round "7"]
[White "Poghosyan, Tigran"]
[Black "Greßmann, Moritz"]
[Result "1/2-1/2"]
[Termination "normal"]
[Board "9"]
[WhiteElo "2026"]
[BlackElo "1963"]
[PlyCount "69"]
[WhiteFideId "12909319"]
[BlackFideId "24695084"]
[EventCountry "GER"]
[EventRounds "9"]
[EventType "swiss"]
[EventDate "2014.06.07"]

1. e4 e5 2. Nf3 Nc6 3. Bb5 a6 4. Ba4 Nf6 5. O-O Be7 6. Re1 b5 7. Bb3 d6 8. c3
O-O 9. h3 Na5 10. Bc2 c5 11. d3 Nc6 12. Nbd2 Re8 13. Nf1 Bf8 14. Bg5 h6 15. Bh4
Be6 16. Ne3 g6 17. d4 cxd4 18. cxd4 exd4 19. Nxd4 Nxd4 20. Qxd4 Bg7 21. Rad1 g5
22. Bg3 Nd5 23. Qd2 Nxe3 24. Rxe3 Be5 25. Rd3 Qf6 26. b3 Rac8 27. Bb1 Rc5 28.
Rf1 Rec8 29. f4 gxf4 30. Bxf4 Bxf4 31. Rxf4 Rc1+ 32. Kh2 Qe5 33. Rg3+ Kf8 34.
Bd3 Ke7 35. Rgf3 1/2-1/2

[Event "DEM U14 2014"]
[Site "Magdeburg GER"]
[Date "2014.06.12"]
[Round "7"]
[White "Fieberg, Samuel"]
[Black "Nothnagel, Marian Can"]
[Result "1-0"]
[Termination "normal"]
[Board "10"]
[WhiteElo "1978"]
[BlackElo "1790"]
[PlyCount "85"]
[WhiteFideId "12901717"]
[BlackFideId "12921530"]
[EventCountry "GER"]
[EventRounds "9"]
[EventType "swiss"]
[EventDate "2014.06.07"]

1. e4 e5 2. Nf3 d6 3. d4 exd4 4. Nxd4 Nf6 5. Nc3 Be7 6. g3 Nc6 7. Bg2 O-O 8.
O-O Bg4 9. f3 Bd7 10. Be3 Re8 11. Qd2 Ne5 12. b3 Bf8 13. Rae1 c6 14. f4 Neg4
15. h3 Nxe3 16. Rxe3 Qc7 17. g4 Kh8 18. g5 Ng8 19. f5 f6 20. h4 b5 21. Nce2 c5
22. Nf3 Bc6 23. Nh2 Qe7 24. Nf4 Qd7 25. Qe2 h6 26. Qh5 Red8 27. Rg3 Qe8 28.
Ng6+ Kh7 29. Ng4 a5 30. Rf2 c4 31. e5 Bxg2 32. Rfxg2 dxe5 33. gxf6 Bc5+ 34. Kh2
Nxf6 35. Qxh6+ gxh6 36. Nxf6+ Kg7 37. Nxe8+ Rxe8 38. Nxe5+ Kf6 39. Nd7+ Kxf5
40. Nxc5 cxb3 41. axb3 Rac8 42. Nb7 Re4 43. Nd6+ 1-0

[Event "DEM U14 2014"]
[Site "Magdeburg GER"]
[Date "2014.06.12"]
[Round "7"]
[White "Muckle, Julius"]
[Black "Spitzl, Vinzent"]
[Result "1/2-1/2"]
[Termination "normal"]
[Board "11"]
[WhiteElo "1938"]
[BlackElo "1904"]
[PlyCount "182"]
[WhiteFideId "12942430"]
[BlackFideId "12901253"]
[EventCountry "GER"]
[EventRounds "9"]
[EventType "swiss"]
[EventDate "2014.06.07"]

1. d4 d5 2. c4 e6 3. Nc3 Be7 4. Nf3 Nf6 5. Bg5 O-O 6. e3 h6 7. Bh4 b6 8. Rc1
Bb7 9. Bxf6 Bxf6 10. cxd5 exd5 11. b4 Be7 12. Qb3 c6 13. Bd3 Nd7 14. O-O Re8
15. b5 Nf6 16. bxc6 Bxc6 17. Bb5 Bxb5 18. Nxb5 Bd6 19. Rc6 Re6 20. Rfc1 Bf8 21.
Ne5 a6 22. Nc7 Rxc6 23. Rxc6 Rc8 24. Nxa6 Ng4 25. Qc2 Rxc6 26. Nxc6 Qd6 27. g3
h5 28. Nab4 Nf6 29. Qf5 h4 30. Kg2 hxg3 31. hxg3 Qc7 32. g4 Bxb4 33. Nxb4 Qd6
34. g5 Qxb4 35. gxf6 gxf6 36. Qxd5 Qb1 37. a4 Qg6+ 38. Kf1 Qb1+ 39. Kg2 Qg6+
40. Kf3 f5 41. Ke2 f4 42. Qd7 fxe3 43. fxe3 Qc2+ 44. Kf3 Qb1 45. e4 Qf1+ 46.
Kg4 Qg2+ 47. Kf4 Qh2+ 48. Kg5 Qd2+ 49. Kf5 Kg7 50. Ke5 Qb4 51. Qc6 Qe7+ 52. Kd5
Qb4 53. e5 Qb3+ 54. Kd6 Qb4+ 55. Kd5 Qb3+ 56. Qc4 Qf3+ 57. Kd6 Qb7 58. Qc7 Qf3
59. e6 Qa3+ 60. Kc6 Qxa4+ 61. Kb7 Qxd4 62. Qxf7+ Kh6 63. e7 Qd7+ 64. Kb8 Qd6+
65. Kc8 Qc6+ 66. Kd8 Qa8+ 67. Kd7 Qa4+ 68. Kd6 Qa3+ 69. Ke5 Qc3+ 70. Ke4 Qc2+
71. Kd4 Qb2+ 72. Kd3 Qb1+ 73. Kc3 Qe1+ 74. Kc4 Qe2+ 75. Kb4 Qd2+ 76. Kb5 Qa5+
77. Kc6 Qa4+ 78. Kd6 Qa3+ 79. Ke5 Qc3+ 80. Ke4 Qc2+ 81. Ke3 Qc1+ 82. Kd3 Qb1+
83. Kc3 Qe1+ 84. Kc4 Qe2+ 85. Kb4 Qd2+ 86. Kb5 Qa5+ 87. Kc6 Qa4+ 88. Kxb6 Qb4+
89. Kc7 Qa5+ 90. Kd6 Qa3+ 91. Kd7 Qa4+ 1/2-1/2

[Event "DEM U14 2014"]
[Site "Magdeburg GER"]
[Date "2014.06.12"]
[Round "7"]
[White "Tiedemann, Fin Niklas"]
[Black "Langer, Simon"]
[Result "1-0"]
[Termination "normal"]
[Board "12"]
[WhiteElo "1618"]
[BlackElo "1881"]
[PlyCount "111"]
[WhiteFideId "12936936"]
[BlackFideId "12950386"]
[EventCountry "GER"]
[EventRounds "9"]
[EventType "swiss"]
[EventDate "2014.06.07"]

1. e4 e6 2. d4 d5 3. Nd2 Nf6 4. e5 Nfd7 5. Bd3 c5 6. c3 Nc6 7. Ndf3 cxd4 8.
cxd4 f6 9. exf6 Nxf6 10. Ne2 Bd6 11. O-O O-O 12. Bf4 Bxf4 13. Nxf4 Ne4 14. Ne2
Rxf3 15. gxf3 Ng5 16. Ng3 Nxd4 17. Be2 e5 18. Kh1 Nh3 19. Rc1 Be6 20. f4 Nxf4
21. Bg4 Qh4 22. Bxe6+ Ndxe6 23. f3 Qh3 24. Rf2 Rf8 25. Ne2 Qh6 26. Nxf4 Qxf4
27. Rcc2 Nd4 28. Rc5 Qe3 29. Rf1 h6 30. Rxd5 Kh7 31. Rd7 Nxf3 32. Qd3+ Qxd3 33.
Rxd3 e4 34. Re3 Rc8 35. Rf2 Rc1+ 36. Kg2 Rg1+ 37. Kh3 Kg6 38. Rg2+ Ng5+ 39. Kg3
Rf1 40. h4 Rf3+ 41. Rxf3 Nxf3 42. Kf4+ Kf6 43. Kxe4 Nxh4 44. Rc2 Nf5 45. a4 h5
46. b4 h4 47. Rc3 Kg5 48. Kf3 h3 49. Rc7 Kh5 50. Rxb7 g5 51. Rh7+ Nh6 52. Kg3
Kg6 53. Rxa7 Kf5 54. Rh7 Ng8 55. a5 Nf6 56. Rf7 1-0

[Event "DEM U14 2014"]
[Site "Magdeburg GER"]
[Date "2014.06.12"]
[Round "7"]
[White "Rätzke von Stoyentin, Steffen"]
[Black "Schnabel, Bennett"]
[Result "1/2-1/2"]
[Termination "normal"]
[Board "14"]
[WhiteElo "1882"]
[BlackElo "1715"]
[PlyCount "119"]
[WhiteFideId "12907502"]
[BlackFideId "12943290"]
[EventCountry "GER"]
[EventRounds "9"]
[EventType "swiss"]
[EventDate "2014.06.07"]

1. d4 f5 2. g3 Nf6 3. Bg2 g6 4. c3 Bg7 5. Nd2 d5 6. Nh3 O-O 7. Nf4 c6 8. Nf3 e6
9. h4 Ne4 10. Ne5 Qc7 11. Nfd3 Nd7 12. Bf4 Nxe5 13. Nxe5 Qb6 14. Qc1 Nf6 15. f3
Nh5 16. Nd3 Nxf4 17. Qxf4 Bd7 18. Kf2 Rae8 19. Qd6 Bc8 20. f4 Bf6 21. Qc5 h5
22. Qxb6 axb6 23. a4 Bd7 24. a5 Bc8 25. axb6 Bd8 26. Ra3 Bxb6 27. Rb3 Bc7 28.
Ra1 Bd6 29. Ne5 Bxe5 30. dxe5 b5 31. Ke3 Bd7 32. Kd4 Kf7 33. Kc5 Ke7 34. Rba3
Rb8 35. Ra7 Rfc8 36. R1a6 Ke8 37. Kd6 Rd8 38. Kc5 Rdc8 39. b4 Ke7 40. e3 Ke8
41. Kd6 Rd8 42. Ra3 Rb6 43. Rc7 c5+ 44. Kxc5 Rbb8 45. Bf1 Rdc8 46. Raa7 Rxc7+
47. Rxc7 Kd8 48. Ra7 Rc8+ 49. Kd4 Rb8 50. Ra6 Ke8 51. Kc5 Rc8+ 52. Kd6 Rb8 53.
Be2 Kd8 54. Ra5 Rb6+ 55. Kc5 Rc6+ 56. Kd4 Rb6 57. Ra8+ Ke7 58. Rh8 Be8 59. Rh7+
Kd8 60. Rg7 1/2-1/2